000 01011cam a22002774a 4500
001 13215467
003 ARRUPE
005 20150129112021.0
008 030528s2003 nyua b 001 0 eng
010 _a 2003054765
020 _a1400061318
040 _aDLC
_cDLC
_dDLC
042 _apcc
050 0 0 _aQ125
_b.C67 2003
082 0 0 _a509
_221
100 1 _aCrease, Robert P.
_913653
245 1 4 _aThe prism and the pendulum :
_bthe ten most beautiful experiments in science /
_cRobert P. Crease.
260 _aNew York :
_bRandom House,
_cc2003.
300 _axxiii, 244 p. :
_bill. ;
_c22 cm.
504 _aIncludes bibliographical references (p. [221]-240) and index.
650 0 _aScience
_xHistory.
_913802
650 0 _aScience
_xExperiments.
_95933
906 _a7
_bcbc
_corignew
_d1
_eocip
_f20
_gy-gencatlg
942 _2lcc
_cMONOGRAPH
999 _c121615
_d121615